What the best law teachers do /
Uloženo v:
| Hlavní autoři: | , , |
|---|---|
| Médium: | Kniha |
| Jazyk: | angličtina |
| Vydáno: |
Cambridge, USA
Harvard University Press,
2013.
|
| Témata: | |
| Tagy: |
Přidat tag
Žádné tagy, Buďte první, kdo vytvoří štítek k tomuto záznamu!
|
MARC
| LEADER | 00000cam a2200000 i 4500 | ||
|---|---|---|---|
| 001 | 17617294 | ||
| 003 | CL-VaPUC | ||
| 005 | 20201117110410.0 | ||
| 008 | 130207s2013 mau 001 0 eng | ||
| 999 | |c 431712 |d 431710 | ||
| 010 | |a 2013005272 | ||
| 020 | |a 9780674049147 | ||
| 040 | |a DLC |b eng |c Pontificia Universidad Católica de Valparaíso |e rda |d DLC | ||
| 042 | |a pcc | ||
| 082 | 0 | 0 | |a 340.071 SCH 2013 |2 23 |
| 100 | 1 | |a Schwartz, Michael Hunter |e author |9 856494 | |
| 245 | 1 | 0 | |a What the best law teachers do / |
| 264 | 1 | |a Cambridge, USA |b Harvard University Press, |c 2013. | |
| 300 | |a 355 páginas | ||
| 505 | 0 | |a Introduction What is Exceptional Learning in Law School? What Personal Qualities Do the Best Law Teachers Possess? How Do the Best Law Teachers Relate to Their Students? What Do the Best Law Teachers Expect from Their Students? How do the Best Law Teachers Prepare to Teach? How do the Best Law Teachers Engage Students in and out of the Classroom? How do the Best Law Teachers Provide Feedback and Assess Students? What Lasting Lessons Do Students Take Away? Suggestions for Using This Book. | |
| 583 | |c 20200611 | ||
| 650 | 0 | |a Derecho |x Estudio y docencia |9 856561 | |
| 650 | 0 | |a Profesores de derecho |9 856562 | |
| 700 | 1 | |a Hess, Gerald F., |d 1952- |e author |9 856563 | |
| 700 | 1 | |a Sparrow, Sophie, |e author |9 856564 | |
| 852 | |a BIBDER | ||
| 942 | |2 ddc |c BK | ||
| 952 | |0 0 |1 0 |2 ddc |4 0 |6 340_071000000000000_SCH_2013 |7 0 |8 A |9 576577 |a BIBDER |b BIBDER |d 2020-06-10 |e 1 |g 57499.00 |i 5576377 |o 340.071 SCH 2013 |p 5576377 |r 2023-01-25 |t 1 |v 57499.00 |w 2020-06-10 |y BK |k DER | ||